Bharatbarsar itihash (Record no. 6293)

MARC details
000 -LEADER
fixed length control field 00524cam a2200217ua 4500
001 - CONTROL NUMBER
control field 7172
005 - DATE AND TIME OF LATEST TRANSACTION
control field 20260515114150.0
008 - FIXED-LENGTH DATA ELEMENTS--GENERAL INFORMATION
fixed length control field 141127n ii |||gr||||Z||||||eng
020 ## - INTERNATIONAL STANDARD BOOK NUMBER
International Standard Book Number 9789382750093
040 ## - CATALOGING SOURCE
Transcribing agency MAIN
041 ## - LANGUAGE CODE
Language code of text/sound track or separate title eng
082 ## - DEWEY DECIMAL CLASSIFICATION NUMBER
Classification number 954
100 ## - MAIN ENTRY--PERSONAL NAME
Personal name Hussain,T.A.,
Relator term Author.
245 1# - TITLE STATEMENT
Title Bharatbarsar itihash
Statement of responsibility, etc. By Tasadduque Amanul Hussain
250 ## - EDITION STATEMENT
Edition statement 1st.
260 ## - PUBLICATION, DISTRIBUTION, ETC.
Place of publication, distribution, etc. Dibrugarh:
Name of publisher, distributor, etc. Banalata,
Date of publication, distribution, etc. 2013.
300 ## - PHYSICAL DESCRIPTION
Extent 316p.
653 ## - INDEX TERM--UNCONTROLLED
Uncontrolled term Indian history
700 ## - ADDED ENTRY--PERSONAL NAME
Personal name Baruah,P.Kr.,
Relator term Author.
942 ## - ADDED ENTRY ELEMENTS (KOHA)
Koha item type Books
Holdings
Withdrawn status Lost status Damaged status Not for loan Home library Current library Shelving location Date acquired Total checkouts Full call number Barcode Date last seen Date last checked out Copy number Price effective from Koha item type
        Naharkatiya College Library Naharkatiya College Library General stacks 09/19/2020 5 954 | HUS 22334 11/02/2024 10/30/2024 1 09/19/2020 Books